LEADER 03102nam 2200589Ia 450 001 9910144330103321 005 20170816125547.0 010 $a1-281-75861-2 010 $a9786611758615 010 $a3-527-61531-8 010 $a3-527-61530-X 035 $a(CKB)1000000000376226 035 $a(EBL)481838 035 $a(OCoLC)261342156 035 $a(SSID)ssj0000097356 035 $a(PQKBManifestationID)11133014 035 $a(PQKBTitleCode)TC0000097356 035 $a(PQKBWorkID)10116021 035 $a(PQKB)11254998 035 $a(MiAaPQ)EBC481838 035 $a(EXLCZ)991000000000376226 100 $a19950601d1995 uy 0 101 0 $aeng 135 $aur|n|---||||| 181 $ctxt 182 $cc 183 $acr 200 10$aAdmixtures in crystallization$b[electronic resource] /$fJaroslav Ny?vlt, Joachim Ulrich 210 $aWeinheim ;$aNew York $cVCH$dc1995 215 $a1 online resource (397 p.) 300 $aDescription based upon print version of record. 311 $a3-527-28739-6 320 $aIncludes bibliographical references and index. 327 $aAdmixtures in Crystallization; Contents; 1. Introduction; 2. Classification of Admixtures; 3. Influence of Admixtures on Nucleation; 3.1. Homogeneous Nucleation; 3.2. Heterogeneous Nucleation; 3.3. Secondary Nucleation; 4. Influence of Admixtures on Crystal Growth; 4.1. The Role of the Solid Surface; 4.2. The Role of the Interphase Solid - Liquid; 5. Influence of Admixtures on Crystal Shape; 6. Influence of Solvents; 7. Distribution of Admixtures; 7.1. Solid Solutions; 7.2. Isomorphous Inclusion; 7.3. Anomalous Mixed Crystals; 7.4. Adsorption Inclusion; 7.5. Mechanism of Internal Adsorption 327 $a7.6. Mechanical Inclusions7.7. Materials Balance for Crystallization in Presence of Impurities; 7.8. Cascade Purification; 8 . Notations; 9 . References; 10 . Tables; Formula Index; 11 . References to Tables; 12 . Subject Index 330 $aThis unique book is the most exhaustive and up-to-date treatment of the subject of admixtures in crystallization available today. The introduction, particularly suitable for newcomers but also helpful for more advanced readers, discusses concisely current theory and experience and provides about 250 references for further reading.The main section provides a detailed survey of the effects of over 200 organic and inorganic admixtures on the crystallization of over 300 organic and inorganic substances. The data, which has been gathered together from almost all the available papers 606 $aCrystallization$xIndustrial applications 606 $aCrystals$xAdditives 608 $aElectronic books. 615 0$aCrystallization$xIndustrial applications. 615 0$aCrystals$xAdditives. 676 $a615.19 676 $a660.284298 700 $aNy?vlt$b Jaroslav$056080 701 $aUlrich$b Joachim$0916473 801 0$bMiAaPQ 801 1$bMiAaPQ 801 2$bMiAaPQ 906 $aBOOK 912 $a9910144330103321 996 $aAdmixtures in crystallization$92054465 997 $aUNINA LEADER 02101nam 2200493I 450 001 9910700981503321 005 20150918155903.0 035 $a(CKB)5470000002413209 035 $a(OCoLC)921505424 035 $a(EXLCZ)995470000002413209 100 $a20150918j201012 ua 0 101 0 $aeng 135 $aurcn||||||||| 181 $ctxt$2rdacontent 182 $cc$2rdamedia 183 $acr$2rdacarrier 200 14$aThe mothball, sustainment, and proposed reactivation of the hypersonic tunnel facility (HTF) at NASA Glenn Research Center Plum Brook Station /$fScott R. Thomas [and four others] 210 1$aCleveland, Ohio :$cNational Aeronautics and Space Administration, Glenn Research Center,$dDecember 2010. 215 $a1 online resource (14 pages) $ccolor illustrations 225 1 $aNASA/TM ;$v2010-216936 300 $aTitle from title screen (viewed Sept. 18, 2015). 300 $a"December 2010." 300 $a"Prepared for the 27th Aerodynamic Measurement Technology and Ground Testing Conference sponsored by the American Institute of Aeronautics and Astronautics, Chicago, Illinois, June 28 to July 1, 2010." 320 $aIncludes bibliographical references (page 10). 517 $aMothball, sustainment, and proposed reactivation of the hypersonic tunnel facility 606 $aHypersonic wind tunnels$2nasat 606 $aTest facilities$2nasat 606 $aHypersonic flight$2nasat 606 $aHypersonic speed$2nasat 606 $aPropulsion$2nasat 615 7$aHypersonic wind tunnels. 615 7$aTest facilities. 615 7$aHypersonic flight. 615 7$aHypersonic speed. 615 7$aPropulsion. 700 $aThomas$b Scott R$c(Engineer),$01413894 712 02$aNASA Glenn Research Center, 712 02$aFundamental Aeronautics Program (U.S.), 801 0$bGPO 801 1$bGPO 906 $aBOOK 912 $a9910700981503321 996 $aThe mothball, sustainment, and proposed reactivation of the hypersonic tunnel facility (HTF) at NASA Glenn Research Center Plum Brook Station$93534423 997 $aUNINA